| 000 | 01317cad a22002055a 4500 | ||
|---|---|---|---|
| 001 | L142958 | ||
| 008 | 080326e20080325xxk f f000 0 eng d | ||
| 035 | _a(Sirsi) u142958 | ||
| 041 | 0 | _aeng | |
| 110 | 1 |
_aUnited Kingdom _bDepartment for Communities and Local Government _94939 |
|
| 245 | 0 | 3 |
_aAn end to the waiting game for planning decisions _h[electronic resource] |
| 260 | _c2008 | ||
| 490 |
_aDCLG News Release _v25 March 2008 |
||
| 520 | _aAnnounces a review of the planning system aimed at reducing delays caused by bureaucracy. Despite increases in the system's efficiency the government believes there is still unnecessary paperwork. Delays commonly experienced after planning permission has been granted are also being targeted for reduction. Recommends that councils should make better use of technologies such as the internet. A review paper will be published to make procedural recommendations. Also announces that Planning Aid funding is to be doubled this year to £3.2m. | ||
| 590 | _aKA NTK | ||
| 651 | 4 |
_aUnited Kingdom _y |
|
| 690 | _aENVIRONMENTAL AND LAND CONSULTANCY-PLANNING AND DEVELOPMENT-PLANNING REFORM | ||
| 856 | 4 | 0 |
_uhttps://webarchive.nationalarchives.gov.uk/+/http://www.communities.gov.uk/news/corporate/730925 _zView the item free of charge at www.communities.gov.uk |
| 942 | _n0 | ||
| 999 |
_c79992 _d79992 |
||